Call centre : (Record no. 40862)

MARC details
000 -LEADER
fixed length control field 00631nam a22001937a 4500
005 - DATE AND TIME OF LATEST TRANSACTION
control field 20100811111632.0
010 ## - LCCN (DPL NO)
LC control number ENG-99526
020 ## - INTERNATIONAL STANDARD BOOK NUMBER
International Standard Book Number 9788184981131
Terms of availability 250.00
035 ## - SYSTEM CONTROL NUMBER
System control number EN-83058
037 ## - SOURCE OF ACQUISITION
Source of stock number/acquisition DBAD/PUB
082 ## - DEWEY DECIMAL CLASSIFICATION NUMBER
Classification number N
100 ## - MAIN ENTRY--PERSONAL NAME
Personal name Shukla, Vikrant
245 ## - TITLE STATEMENT
Title Call centre :
Remainder of title an inside story /
Statement of responsibility, etc by Vikrant Shukla
260 ## - PUBLICATION, DISTRIBUTION, ETC. (IMPRINT)
Place of publication, distribution, etc Pune
Name of publisher, distributor, etc Mehta Publishing House
Date of publication, distribution, etc 2010
270 ## - ADDRESS
Address 1941 Sadashiv Peth, Madiwale Colony
City Pune
Postal code 411030
300 ## - PHYSICAL DESCRIPTION
Extent 299p.
Dimensions 21cm (pbk)
942 ## - ADDED ENTRY ELEMENTS (KOHA)
Source of classification or shelving scheme Dewey Decimal Classification
Item type English Books
Classification part N
Call number suffix SHU
Holdings
Withdrawn status Lost status Not for loan Collection code Home library Current library Date acquired Source of acquisition Cost, normal purchase price Full call number Barcode Copy number Cost, replacement price Koha item type
    Not For Loan Non-fiction D.B.Act.Division D.B.Act.Division 11/08/2010 DBAD/PUB 250.00 N SHU EN-83058 1 250.00 English Books

© Delhi Public Library
Hit Counter
free hit counter